| 000 | 00796nam a2200241 i 4500 | ||
|---|---|---|---|
| 001 | 128879 | ||
| 003 | ES-MaACL | ||
| 005 | 20250815004924.0 | ||
| 007 | t| | ||
| 008 | 070529s1964 sp ||||1| spa d | ||
| 080 | _a940.3 | ||
| 080 | _a930.9"19" | ||
| 100 | 1 |
_aTaylor, Edmond. _9109440 |
|
| 245 | 1 | 3 |
_aLa caida de las dinastias _b: el colapso del viejo orden : 1905-1922 / _cEdmond Taylor ; [traducción de J. Ferrer Aleu]. |
| 250 | _a[1ª ed.]. | ||
| 260 |
_aBarcelona : _bPlaza & Janés, _c[1964] |
||
| 300 |
_a554 p. : _bil. ; _c24 cm. |
||
| 650 | 1 | 4 |
_aGuerra mundial, 1914-1918- _xCausas y antecedentes. _913216 |
| 650 | 1 | 4 |
_aHistoria contemporánea- _yS.XX _913396 |
| 700 | 1 |
_aFerrer Aleu, J. _950442 |
|
| 852 |
_aES-MaACL _jC-27391 _bR.55477 |
||
| 999 |
_c128879 _d128879 |
||